|
|
|
|
| LEADER |
00000nam a22000007a 4500 |
| 005 |
20160503132945.0 |
| 007 |
cr|||| ||u| |
| 008 |
160503s2014 ck ||||| |||| 00||0 spa d |
| 020 |
|
|
|a 978-958-738-488-8
|
| 035 |
|
|
|a 14182
|
| 040 |
|
|
|a vLex
|
| 090 |
|
|
|c 6043
|d 6043
|
| 100 |
1 |
|
|a Araj︢o Oąte, Roco̕
|
| 245 |
1 |
0 |
|a Retos y tendencias del derecho electoral
|h [Recurso electoral] /
|c Roco̕ Araj︢o Oąte
|
| 256 |
|
|
|a Servicio en ln̕ea
|
| 260 |
|
|
|a Colombia
|b Editorial Universidad de Rosario (Colombia)
|c 2014
|
| 300 |
|
|
|a 1 recureso electrn̤ico (535 Pg̀inas)
|
| 506 |
1 |
|
|a Contenido solo disponible en los productos indicados
|d vLex Global
|d vLex Global (Academic Edition, excluding Law Schools)
|d vLex Global (U.S. Academic Edition, Law Schools)
|d vLex Global (U.S. Academic Edition, excluding Law Schools)
|d vLex Global (Academic Edition, Law Schools)
|
| 650 |
0 |
4 |
|a vLex Global (Academic Edition, Law Schools)
|z Colombia
|
| 740 |
0 |
|
|a vLex libros (servicio en ln̕ea)
|
| 856 |
4 |
0 |
|u http://vlex.com/source/retos-tendencias-derecho-electoral-14182
|z Acceso restringido
|
| 942 |
|
|
|c BOOK
|